000 00285nam a2200121Ia 4500
008 190216s9999||||xx |||||||||||||| ||und||
100 _aAvathar Krishna Ralthani
245 0 _aHindi-Aathak Beech
260 _bSahayak Prakashan
_c1994
300 _a163
650 _aHindi
942 _cBK
999 _c16718
_d16718